000 00436nam a2200181Ia 4500
001 19982
005 20260306172732.0
008 260306t1998||||xx |||||||||||||| ||spa||
041 _aESP
082 _a342.1
_bI68
100 _aIreba, Jorge Omar
_eAUT
245 0 _aSubjetividad internacional y la Santa Sede
260 _c1998
300 _a92 páginas :
_c23 cm.
650 _aGEN
654 _aCDE
942 _cLIB
_dJUS
_fJUS
_2ddc
_n
999 _c19982
_d19982